Power and Love in the Book of Hosea (Record no. 20975)

MARC details
000 -LEADER
fixed length control field 00371nam a22001457a 4500
020 ## - INTERNATIONAL STANDARD BOOK NUMBER
ISBN 9788193058206
082 ## - DEWEY DECIMAL CLASSIFICATION NUMBER
Classification number 224.6077 PAU
100 ## - MAIN ENTRY--AUTHOR NAME
Author name Paul, Praveen
245 ## - TITLE STATEMENT
Title Power and Love in the Book of Hosea
260 ## - PUBLICATION, DISTRIBUTION, ETC. (IMPRINT)
Place of publication Delhi
Name of publisher Living insight Translators and Publishers Pvt. Ltd.
Year of publication 2015
300 ## - PHYSICAL DESCRIPTION
Number of Pages 251
650 ## - SUBJECT ADDED ENTRY--TOPICAL TERM
Topical Term Bible-Prophets
942 ## - ADDED ENTRY ELEMENTS (KOHA)
Koha item type Books
Holdings
Home library Current library Shelving location Date acquired Source of acquisition Cost, normal purchase price Full call number Accession Number Koha item type
Henry Martyn Institute Library Henry Martyn Institute Library General stacks 05/04/2018 Director 200.00 224.6077 PAU 11003630 Books
                   Copyright © 2026 | Henry Martyn Institute | Hyderabad | TS-500052 | INDIA | Implemented by hmi.edu.in
Hit-Count:

Powered by Koha